书目信息 |
| 题名: |
英美法导论
|
|
| 作者: | 王泽鉴 主编 | |
| 分册: | ||
| 出版信息: | 北京 北京大学出版社 2012 |
|
| 页数: | 321页 | |
| 开本: | 23cm | |
| 丛书名: | ||
| 单 册: | ||
| 中图分类: | D904.6 | |
| 科图分类: | ||
| 主题词: | 英美法系--研究 , 英美法系 | |
| 电子资源: | ||
| ISBN: | 978-7-301-19839-1 | |
| 000 | 00913nam0 2200277 450 | |
| 001 | 523 | |
| 005 | 20140905102248.14 | |
| 010 | @a978-7-301-19839-1@dCNY39.00 | |
| 100 | @a20121013d2012 em y0chiy50 ea | |
| 101 | 0 | @achi |
| 102 | @aCN@b110000 | |
| 105 | @ay z 000yy | |
| 106 | @ar | |
| 200 | 1 | @a英美法导论@AYing Mei Fa Dao Lun@dIntroduction to Anglo-American law@f王泽鉴主编@FWang Ze Jian Zhu Bian@zeng |
| 210 | @a北京@c北京大学出版社@d2012 | |
| 215 | @a321页@d23cm | |
| 300 | @a元照法学文库 | |
| 305 | @a本书由元照出版有限公司(Taiwan)授权出版 | |
| 330 | @a本书针对英美法的各种重要制度与法律的主要内容,介绍了英美法律制度与英美法的精神。 | |
| 510 | 1 | @aIntroduction to Anglo-American law@zeng |
| 606 | 0 | @a英美法系@x研究 |
| 606 | 0 | @a英美法系 |
| 690 | @aD904.6@v5 | |
| 701 | 0 | @a王泽鉴@AWang Ze Jian@f(1938~)@4主编 |
| 801 | 0 | @aCN@bTANGWEI@c20140603 |
| 905 | @b0840845-47@dD904.6@e511@f3 | |
| 英美法导论=Introduction to Anglo-American law/王泽鉴主编.-北京:北京大学出版社,2012 |
| 321页;23cm |
| 元照法学文库 |
| ISBN 978-7-301-19839-1:CNY39.00 |
| 本书针对英美法的各种重要制度与法律的主要内容,介绍了英美法律制度与英美法的精神。 |
| ● |
| 相关链接 |
|
|
|
|
正题名:英美法导论
索取号:D904.6/511
 
预约/预借
| 序号 | 登录号 | 条形码 | 馆藏地/架位号 | 状态 | 备注 |
| 1 | 0840845 | 208408454 | 第一样本阅览室/ [索取号:D904.6/511] | 在馆 | |
| 2 | 0840846 | 208408463 | 密集书库-史法系/ [索取号:D904.6/511] | 在馆 | |
| 3 | 0840847 | 208408472 | 第一借阅区/ [索取号:D904.6/511] | 在馆 |